| 000 | 01817nam a22003017a 4500 | ||
|---|---|---|---|
| 001 | 8828 | ||
| 003 | FISKH | ||
| 005 | 20251022095309.0 | ||
| 008 | 251022b cb ||||| |||| 00| 0 eng d | ||
| 040 |
_aFISKH _bkhr _cFISKH _dFISKH |
||
| 050 | _aPZ7 | ||
| 082 | _a895 | ||
| 100 | _aSotheary, Kimsun | ||
| 245 |
_aផ្ទះពណ៏ក្រហម : _bThe red house / _cនិពន្ធដោយ អ្នកស្រី គឹម ស៊ុនសុធារី , ពិនិត្យអក្ខរាវិរុទ្ធ អ្នកនាង វ៉ាត ចរិយា , កញ្ញា វុិច វឌ្ឍនា និង កញ្ញា ហម លឹមឆេង |
||
| 260 |
_aភ្នំពេញ : _bReading Books , _c2014. |
||
| 300 |
_a16 pages : _bcolor illustrations ; _c20 *20 cm . |
||
| 490 | _aពិភពកុមារតូច | ||
| 505 | _aJ | ||
| 520 | _aរឿងនេះចង់អប់រំអោយកុមារតូចៗបានយល់ពី ទិស ពណ៏ និងសំឡេង ជាងនេះទៅទៀត ចង់អប់រំអោយប្អូនៗកុមារចេះរាប់អានមិត្ត និងមានទំនាក់ទំនងគ្នាទៅថ្ងៃក្រោយ ។ | ||
| 520 | _aThe red house is intended to educate young children to understand about direction, color and sound . This story also advises children to make friends and build relationship in the future . | ||
| 521 | 8 |
_a500
_bLexile estimate |
|
| 521 | 8 |
_aJ
_bRaz-Plus |
|
| 650 |
_aផ្ទះពណ៏ក្រហម _vរឿងនិទានកុមារ |
||
| 650 |
_aThe red house _vChildren's Stories |
||
| 700 |
_aSaren, Koam _eIllustrator |
||
| 942 |
_2ddc _cKHB _n0 |
||
| 999 |
_c8828 _d8828 |
||